| 000 | 00893nam a2200253 i 4500 | ||
|---|---|---|---|
| 001 | bg | ||
| 003 | BPK | ||
| 005 | 20210406114556.0 | ||
| 008 | 020718s1978 pl a f f |000 0 pol | ||
| 015 | _aPB 1978/10833 | ||
| 040 |
_aWA N _cBPK |
||
| 080 | _a532 | ||
| 080 | _a(075.8+076) | ||
| 100 | 1 |
_aRumianowski, Adam _eAutor |
|
| 245 | 1 | 0 |
_aZbiór zadań z mechaniki płynów nieściśliwych z rozwiązaniami : _b[skrypt dla studentów wyższych szkół technicznych] / _cAdam Rumianowski. |
| 250 | _aWyd. 2. | ||
| 260 |
_aWarszawa ; _aŁódź : _bPaństwowe Wydaw. Naukowe, _c1978. |
||
| 300 |
_a487 s. : _bil., tab., wykr. ; _c25 cm. |
||
| 504 | _aBibliogr. | ||
| 655 | 4 | _aĆwiczenia i zadania dla szkół wyższych | |
| 650 | 4 | _aMechanika płynów | |
| 856 |
_uhttp://koha.tu.koszalin.pl/cgi-bin/koha/opac-detail.pl?biblionumber=1732 _yKatalog online BPK |
||
| 942 |
_2UKD _cKS |
||
| 999 |
_c1732 _d1732 |
||